[Event "ODJM C 2025"]
[Site "Willingen GER"]
[Date "2025.06.08"]
[Round "1"]
[White "Dimitrov, Pavel"]
[Black "Wolf, Anna"]
[Result "1-0"]
[Termination "normal"]
[Board "11"]
[WhiteElo "1011"]
[BlackElo "1488"]
[WhiteClock "01:31:39"]
[BlackClock "01:00:49"]
[PlyCount "45"]
[WhiteFideId "533028206"]
[BlackFideId "34616993"]
[EventCountry "GER"]
[EventRounds "9"]
[EventType "swiss"]
[EventDate "2025.06.07"]

1. e4 {[%clk 01:30:58]} {[%emt 00:00:02]} e6 {[%clk 01:30:51]} {[%emt
00:00:10]} 2. d4 {[%clk 01:31:16]} {[%emt 00:00:12]} d5 {[%clk 01:31:12]}
{[%emt 00:00:08]} 3. e5 {[%clk 01:31:40]} {[%emt 00:00:06]} c5 {[%clk
01:31:31]} {[%emt 00:00:11]} 4. c3 {[%clk 01:31:55]} {[%emt 00:00:16]} Nc6
{[%clk 01:31:49]} {[%emt 00:00:11]} 5. Nf3 {[%clk 01:32:14]} {[%emt 00:00:12]}
Qb6 {[%clk 01:32:07]} {[%emt 00:00:10]} 6. Bd3 {[%clk 01:31:51]} {[%emt
00:00:53]} Bd7 {[%clk 01:32:24]} {[%emt 00:00:13]} 7. dxc5 {[%clk 01:31:54]}
{[%emt 00:00:28]} Bxc5 {[%clk 01:32:41]} {[%emt 00:00:13]} 8. O-O {[%clk
01:32:12]} {[%emt 00:00:12]} O-O-O {[%clk 01:31:06]} {[%emt 00:02:05]} 9. b4
{[%clk 01:32:17]} {[%emt 00:00:25]} Be7 {[%clk 01:31:07]} {[%emt 00:00:28]} 10.
Be3 {[%clk 01:32:34]} {[%emt 00:00:13]} Qc7 {[%clk 01:31:23]} {[%emt 00:00:15]}
11. Nbd2 {[%clk 01:32:28]} {[%emt 00:00:36]} f6 {[%clk 01:28:54]} {[%emt
00:02:59]} 12. exf6 {[%clk 01:32:43]} {[%emt 00:00:14]} Nxf6 {[%clk 01:28:29]}
{[%emt 00:00:55]} 13. a3 {[%clk 01:32:19]} {[%emt 00:00:55]} e5 {[%clk
01:28:07]} {[%emt 00:00:52]} 14. Bb5 {[%clk 01:32:14]} {[%emt 00:00:34]} h6
{[%clk 01:25:55]} {[%emt 00:02:42]} 15. Rc1 {[%clk 01:32:06]} {[%emt 00:00:39]}
Kb8 {[%clk 01:25:02]} {[%emt 00:01:23]} 16. c4 {[%clk 01:32:00]} {[%emt
00:00:36]} d4 {[%clk 01:24:43]} {[%emt 00:00:48]} 17. Bxd4 {[%clk 01:31:46]}
{[%emt 00:00:45]} Nxd4 {[%clk 01:21:49]} {[%emt 00:03:24]} 18. Bxd7 {[%clk
01:31:31]} {[%emt 00:00:45]} Rxd7 {[%clk 01:15:55]} {[%emt 00:06:24]} 19. Nxd4
{[%clk 01:31:44]} {[%emt 00:00:17]} exd4 {[%clk 01:09:53]} {[%emt 00:06:33]}
20. c5 {[%clk 01:31:54]} {[%emt 00:00:18]} Qc6 {[%clk 01:08:39]} {[%emt
00:01:45]} 21. Nf3 {[%clk 01:31:40]} {[%emt 00:00:42]} Qd5 {[%clk 01:05:30]}
{[%emt 00:03:41]} 22. Qd2 {[%clk 01:31:34]} {[%emt 00:00:35]} g5 {[%clk
01:00:49]} {[%emt 00:05:13]} 23. h3 {[%clk 01:31:39]} {[%emt 00:00:24]} Ne4
{[%clk 00:56:58]} {[%emt 00:10:35]} 24. Qd3 {[%clk 01:31:37]} Bf6 {[%clk
00:56:40]} 25. Nd2 {[%clk 01:31:17]} {[%emt 00:00:01]} Nxd2 {[%clk 00:53:21]}
{[%emt 00:00:31]} 26. Qxd2 {[%clk 01:31:34]} {[%emt 00:00:02]} g4 {[%clk
00:51:14]} {[%emt 00:02:01]} 27. Qf4+ {[%clk 01:31:37]} {[%emt 00:00:25]} Ka8
{[%clk 00:50:49]} {[%emt 00:00:57]} 28. Qxf6 {[%clk 01:31:34]} {[%emt
00:00:31]} Rg8 {[%clk 00:49:09]} {[%emt 00:02:12]} 29. Qxh6 {[%emt 00:00:24]}
gxh3 {[%emt 00:01:00]} 30. Qxh3 {[%clk 01:30:17]} {[%emt 00:00:21]} Rh7 {[%emt
00:00:27]} 31. g3 {[%clk 01:28:59]} {[%emt 00:01:26]} Rxh3 {[%emt 00:00:10]}
32. f3 {[%clk 01:28:52]} {[%emt 00:00:33]} Rgxg3+ {[%emt 00:00:28]} 33. Kf2
{[%clk 01:28:37]} {[%emt 00:00:14]} Qxf3+ {[%emt 00:00:30]} 34. Ke1 {[%clk
01:28:29]} {[%emt 00:00:13]} Qe3+ {[%emt 00:00:51]} 35. Kd1 {[%clk 01:28:00]}
{[%emt 00:00:09]} Rg2 {[%emt 00:00:22]} 36. Rf8+ {[%clk 01:27:55]} {[%emt
00:00:17]} Qe8 {[%emt 00:00:29]} 37. Rxe8# {[%clk 01:27:53]} {[%emt 00:00:15]}
1-0

[Event "ODJM C 2025"]
[Site "Willingen GER"]
[Date "2025.06.08"]
[Round "1"]
[White "Lange, Lene Marie"]
[Black "Steppat, Tristan"]
[Result "1-0"]
[Termination "normal"]
[Board "12"]
[WhiteElo "1547"]
[BlackElo "1004"]
[WhiteClock "01:05:29"]
[BlackClock "01:17:57"]
[PlyCount "36"]
[WhiteFideId "34639748"]
[BlackFideId "533004811"]
[EventCountry "GER"]
[EventRounds "9"]
[EventType "swiss"]
[EventDate "2025.06.07"]

1. d4 {[%clk 01:30:56]} {[%emt 00:00:05]} g6 {[%clk 01:30:47]} {[%emt
00:00:13]} 2. Bf4 {[%clk 01:31:10]} {[%emt 00:00:16]} Nf6 {[%clk 01:30:36]}
{[%emt 00:00:40]} 3. e3 {[%clk 01:30:45]} {[%emt 00:00:56]} Bg7 {[%clk
01:30:31]} {[%emt 00:00:34]} 4. Nf3 {[%clk 01:30:12]} {[%emt 00:01:04]} d6
{[%clk 01:28:53]} {[%emt 00:02:08]} 5. Nbd2 {[%clk 01:28:00]} {[%emt 00:02:41]}
Bf5 {[%clk 01:28:40]} {[%emt 00:00:43]} 6. c3 {[%clk 01:25:08]} {[%emt
00:03:22]} e6 {[%clk 01:28:36]} {[%emt 00:00:33]} 7. h3 {[%clk 01:23:23]}
{[%emt 00:02:15]} Nc6 {[%clk 01:28:19]} {[%emt 00:00:48]} 8. Nh4 {[%clk
01:17:36]} {[%emt 00:06:17]} h6 {[%clk 01:28:06]} {[%emt 00:00:42]} 9. Nxf5
{[%clk 01:15:17]} {[%emt 00:02:50]} gxf5 {[%clk 01:28:04]} {[%emt 00:00:21]}
10. Bb5 {[%clk 01:13:59]} {[%emt 00:01:59]} Qe7 {[%clk 01:28:18]} {[%emt
00:00:16]} 11. Qf3 {[%clk 01:13:33]} {[%emt 00:00:56]} d5 {[%clk 01:27:15]}
{[%emt 00:01:32]} 12. O-O-O {[%clk 01:08:58]} {[%emt 00:05:05]} O-O-O {[%emt
00:00:34]} 13. Qg3 {[%emt 00:03:47]} Nh5 {[%emt 00:00:42]} 14. Qh2 {[%emt
00:01:30]} Nxf4 {[%clk 01:20:53]} {[%emt 00:00:11]} 15. Qxf4 {[%clk 01:09:08]}
{[%emt 00:00:28]} Bf6 {[%clk 01:20:41]} {[%emt 00:00:43]} 16. Nb3 {[%clk
01:06:50]} {[%emt 00:02:47]} Bg5 {[%emt 00:00:31]} 17. Qh2 {[%emt 00:01:09]}
Rhg8 {[%clk 01:18:32]} {[%emt 00:00:38]} 18. Kb1 {[%clk 01:05:29]} {[%emt
00:02:13]} f6 {[%clk 01:17:57]} {[%emt 00:01:00]} 19. h4 {[%clk 01:04:37]}
{[%emt 00:09:10]} Rh8 {[%clk 01:15:30]} 20. hxg5 {[%clk 01:03:31]} {[%emt
00:00:08]} hxg5 {[%clk 01:15:41]} 21. Qg3 {[%clk 01:03:17]} {[%emt 00:00:08]}
e5 {[%emt 00:00:03]} 22. Rhe1 {[%emt 00:00:47]} f4 {[%clk 01:12:11]} {[%emt
00:00:42]} 23. exf4 {[%clk 01:02:39]} {[%emt 00:01:13]} gxf4 {[%clk 01:12:17]}
{[%emt 00:00:16]} 24. Qg4+ {[%clk 01:02:21]} {[%emt 00:00:55]} Kb8 {[%clk
01:11:57]} {[%emt 00:00:29]} 25. Bxc6 {[%clk 01:02:10]} {[%emt 00:01:03]} bxc6
{[%clk 01:12:15]} {[%emt 00:00:11]} 26. Na5 {[%clk 01:01:59]} {[%emt 00:00:42]}
Qd6 {[%clk 01:12:28]} {[%emt 00:00:17]} 27. dxe5 {[%clk 01:01:17]} {[%emt
00:01:12]} fxe5 {[%clk 01:12:42]} {[%emt 00:00:16]} 28. Rxe5 {[%clk 00:58:44]}
{[%emt 00:03:03]} Ka8 {[%clk 01:12:58]} {[%emt 00:00:15]} 29. Qxf4 {[%clk
00:56:57]} {[%emt 00:02:15]} Rhf8 {[%clk 01:12:58]} {[%emt 00:00:20]} 30. Qe3
{[%clk 00:54:40]} {[%emt 00:02:57]} Rb8 {[%clk 01:12:26]} {[%emt 00:01:03]} 31.
c4 {[%clk 00:54:14]} {[%emt 00:00:56]} Qb4 {[%clk 01:12:16]} {[%emt 00:00:39]}
32. Nb3 {[%clk 00:54:08]} {[%emt 00:00:36]} dxc4 {[%clk 01:12:30]} {[%emt
00:00:16]} 33. Re4 {[%clk 00:52:38]} {[%emt 00:02:00]} Qb7 {[%clk 01:12:40]}
{[%emt 00:00:21]} 34. Rxc4 {[%clk 00:52:42]} {[%emt 00:00:26]} Qb5 {[%clk
01:12:47]} {[%emt 00:00:22]} 35. Rc5 {[%clk 00:49:22]} {[%emt 00:03:51]} Qb7
{[%clk 01:12:32]} {[%emt 00:00:45]} 36. Ra5 {[%clk 00:48:19]} {[%emt 00:01:32]}
Rfe8 {[%emt 00:00:14]} 37. Qd4 {[%emt 00:01:00]} a6 {[%clk 01:11:02]} {[%emt
00:00:47]} 38. Qd3 {[%clk 00:48:00]} {[%emt 00:00:50]} Ka7 {[%clk 01:10:47]}
{[%emt 00:00:38]} 39. Qd4+ {[%clk 00:47:38]} {[%emt 00:00:58]} Ka8 {[%clk
01:11:09]} {[%emt 00:00:08]} 40. Nc5 {[%clk 00:47:05]} {[%emt 00:01:03]} Qb6
{[%clk 01:11:13]} {[%emt 00:00:26]} 41. Rxa6+ {[%clk 00:47:11]} {[%emt
00:00:25]} Qxa6 {[%clk 01:11:23]} {[%emt 00:00:10]} 42. Nxa6 {[%clk 00:47:35]}
{[%emt 00:00:15]} Rbc8 {[%clk 01:11:26]} {[%emt 00:00:26]} 43. Qc5 {[%clk
00:47:33]} {[%emt 00:00:32]} Re5 {[%emt 00:00:23]} 44. Qxe5 {[%emt 00:00:41]}
Kb7 {[%clk 01:10:03]} {[%emt 00:00:16]} 45. Nc5+ {[%clk 00:47:32]} {[%emt
00:01:05]} Ka8 {[%clk 01:09:09]} {[%emt 00:00:12]} 46. Qc3 {[%clk 00:47:33]}
{[%emt 00:01:42]} Kb8 {[%clk 01:08:40]} {[%emt 00:00:58]} 47. Qb4+ {[%clk
00:47:33]} {[%emt 00:00:29]} Ka8 {[%clk 01:09:00]} {[%emt 00:00:11]} 48. Qb7#
{[%emt 00:00:10]} 1-0

[Event "ODJM C 2025"]
[Site "Willingen GER"]
[Date "2025.06.08"]
[Round "1"]
[White "Ruddat, Merja"]
[Black "Trush, Diana"]
[Result "0-1"]
[Termination "normal"]
[Board "13"]
[WhiteElo "999"]
[BlackElo "1708"]
[WhiteClock "01:16:26"]
[BlackClock "01:20:26"]
[PlyCount "48"]
[WhiteFideId "34660577"]
[BlackFideId "34644091"]
[EventCountry "GER"]
[EventRounds "9"]
[EventType "swiss"]
[EventDate "2025.06.07"]

1. e4 {[%clk 01:30:58]} {[%emt 00:00:02]} e5 {[%clk 01:28:29]} {[%emt
00:02:32]} 2. Nf3 {[%clk 01:30:57]} {[%emt 00:00:30]} Nc6 {[%clk 01:27:00]}
{[%emt 00:01:57]} 3. Nc3 {[%clk 01:30:20]} {[%emt 00:01:09]} Be7 {[%clk
01:25:30]} {[%emt 00:01:58]} 4. Bc4 {[%clk 01:26:01]} {[%emt 00:04:50]} Nf6
{[%clk 01:25:32]} {[%emt 00:00:28]} 5. O-O {[%clk 01:26:13]} {[%emt 00:00:19]}
d6 {[%clk 01:25:49]} {[%emt 00:00:13]} 6. d3 {[%clk 01:26:10]} {[%emt
00:00:33]} Bg4 {[%clk 01:25:50]} {[%emt 00:00:28]} 7. h3 {[%clk 01:26:10]}
{[%emt 00:00:31]} Bh5 {[%clk 01:26:13]} {[%emt 00:00:06]} 8. Be3 {[%clk
01:26:23]} {[%emt 00:00:17]} Nd4 {[%clk 01:25:13]} {[%emt 00:01:30]} 9. Bxd4
{[%clk 01:26:24]} {[%emt 00:00:30]} exd4 {[%clk 01:25:33]} {[%emt 00:00:10]}
10. Nd5 {[%clk 01:25:43]} {[%emt 00:01:12]} Nxd5 {[%clk 01:22:28]} {[%emt
00:03:33]} 11. Bxd5 {[%clk 01:24:55]} {[%emt 00:01:18]} c6 {[%clk 01:22:28]}
{[%emt 00:00:31]} 12. Bb3 {[%clk 01:24:57]} {[%emt 00:00:27]} O-O {[%clk
01:22:00]} {[%emt 00:00:59]} 13. Re1 {[%clk 01:24:56]} {[%emt 00:00:31]} Kh8
{[%clk 01:21:57]} {[%emt 00:00:33]} 14. e5 {[%clk 01:24:26]} {[%emt 00:01:00]}
d5 {[%clk 01:22:17]} {[%emt 00:00:10]} 15. e6 {[%clk 01:24:34]} {[%emt
00:00:22]} fxe6 {[%clk 01:22:37]} {[%emt 00:00:10]} 16. Rxe6 {[%clk 01:24:46]}
{[%emt 00:00:18]} Bxf3 {[%clk 01:22:30]} {[%emt 00:00:37]} 17. gxf3 {[%clk
01:24:57]} {[%emt 00:00:19]} Bh4 {[%clk 01:22:15]} {[%emt 00:00:44]} 18. f4
{[%clk 01:24:01]} {[%emt 00:01:25]} Rxf4 {[%clk 01:21:30]} {[%emt 00:01:16]}
19. Re2 {[%clk 01:22:50]} {[%emt 00:01:41]} Qg5+ {[%clk 01:20:44]} {[%emt
00:01:15]} 20. Kf1 {[%clk 01:22:28]} {[%emt 00:00:53]} Raf8 {[%clk 01:20:32]}
{[%emt 00:00:42]} 21. Ke1 {[%clk 01:21:54]} {[%emt 00:01:04]} Rxf2 {[%clk
01:20:32]} {[%emt 00:00:30]} 22. Rxf2 {[%clk 01:21:11]} {[%emt 00:01:13]} Rxf2
{[%clk 01:20:16]} {[%emt 00:00:47]} 23. Qb1 {[%clk 01:16:09]} {[%emt 00:05:31]}
Qe3+ {[%clk 01:20:38]} {[%emt 00:00:09]} 24. Kd1 {[%clk 01:16:26]} {[%emt
00:00:12]} Rf1# {[%clk 01:20:26]} {[%emt 00:00:12]} 0-1

[Event "ODJM C 2025"]
[Site "Willingen GER"]
[Date "2025.06.08"]
[Round "1"]
[White "Stelter, Torge"]
[Black "Eichner, Willi"]
[Result "1-0"]
[Termination "normal"]
[Board "14"]
[WhiteElo "1246"]
[BlackElo "987"]
[WhiteClock "01:11:48"]
[BlackClock "01:29:13"]
[PlyCount "62"]
[WhiteFideId "533043698"]
[BlackFideId "533043787"]
[EventCountry "GER"]
[EventRounds "9"]
[EventType "swiss"]
[EventDate "2025.06.07"]

1. e4 {[%clk 01:30:58]} {[%emt 00:00:01]} e5 {[%clk 01:30:57]} {[%emt
00:00:03]} 2. Nf3 {[%clk 01:31:23]} {[%emt 00:00:05]} Nc6 {[%clk 01:31:21]}
{[%emt 00:00:06]} 3. Bc4 {[%clk 01:31:47]} {[%emt 00:00:06]} Bc5 {[%clk
01:31:42]} {[%emt 00:00:09]} 4. d3 {[%clk 01:32:09]} {[%emt 00:00:09]} Nf6
{[%clk 01:32:02]} {[%emt 00:00:10]} 5. Bg5 {[%clk 01:32:34]} {[%emt 00:00:05]}
h6 {[%clk 01:31:49]} {[%emt 00:00:43]} 6. Bh4 {[%clk 01:32:59]} {[%emt
00:00:05]} g5 {[%clk 01:32:10]} {[%emt 00:00:09]} 7. Bg3 {[%clk 01:33:25]}
{[%emt 00:00:05]} d6 {[%clk 01:32:26]} {[%emt 00:00:13]} 8. h3 {[%clk
01:33:49]} {[%emt 00:00:07]} Be6 {[%clk 01:32:29]} {[%emt 00:00:26]} 9. Bb3
{[%clk 01:34:07]} {[%emt 00:00:12]} Qd7 {[%clk 01:32:41]} {[%emt 00:00:18]} 10.
Nc3 {[%clk 01:34:27]} {[%emt 00:00:11]} O-O-O {[%clk 01:32:50]} {[%emt
00:00:20]} 11. Qe2 {[%clk 01:33:57]} {[%emt 00:00:59]} Rhe8 {[%clk 01:33:03]}
{[%emt 00:00:16]} 12. Nd5 {[%clk 01:31:28]} {[%emt 00:03:00]} Ng8 {[%clk
01:31:03]} {[%emt 00:02:30]} 13. h4 {[%clk 01:30:18]} {[%emt 00:01:40]} g4
{[%clk 01:30:11]} {[%emt 00:01:22]} 14. Nh2 {[%clk 01:30:32]} {[%emt 00:00:16]}
Bd4 {[%clk 01:30:08]} {[%emt 00:00:32]} 15. c3 {[%clk 01:29:29]} {[%emt
00:01:34]} Bb6 {[%clk 01:30:04]} {[%emt 00:00:35]} 16. Nxb6+ {[%clk 01:29:15]}
{[%emt 00:00:44]} axb6 {[%clk 01:30:21]} {[%emt 00:00:12]} 17. Bxe6 {[%clk
01:29:27]} {[%emt 00:00:18]} fxe6 {[%clk 01:30:11]} {[%emt 00:00:39]} 18. Nxg4
{[%clk 01:28:51]} {[%emt 00:01:07]} h5 {[%clk 01:29:56]} {[%emt 00:00:45]} 19.
Ne3 {[%clk 01:29:13]} {[%emt 00:00:09]} Nf6 {[%clk 01:30:13]} {[%emt 00:00:12]}
20. O-O-O {[%clk 01:27:16]} {[%emt 00:02:28]} d5 {[%clk 01:30:19]} {[%emt
00:00:23]} 21. Qc2 {[%clk 01:24:26]} {[%emt 00:03:21]} d4 {[%clk 01:30:14]}
{[%emt 00:00:35]} 22. cxd4 {[%clk 01:23:10]} {[%emt 00:01:45]} exd4 {[%clk
01:30:20]} {[%emt 00:00:24]} 23. Nc4 {[%clk 01:22:00]} {[%emt 00:01:40]} Nb4
{[%clk 01:30:30]} {[%emt 00:00:19]} 24. Qb3 {[%clk 01:21:33]} {[%emt 00:00:50]}
Qb5 {[%clk 01:30:21]} {[%emt 00:00:47]} 25. a3 {[%clk 01:21:30]} {[%emt
00:00:35]} Nxd3+ {[%clk 01:30:13]} {[%emt 00:00:36]} 26. Qxd3 {[%clk 01:20:13]}
{[%emt 00:01:48]} Nxe4 {[%clk 01:29:37]} {[%emt 00:01:05]} 27. Rhe1 {[%clk
01:16:25]} {[%emt 00:04:17]} Nc5 {[%clk 01:29:18]} {[%emt 00:00:50]} 28. Nd6+
{[%clk 01:15:04]} {[%emt 00:01:51]} Rxd6 {[%clk 01:29:22]} {[%emt 00:00:25]}
29. Qxb5 {[%clk 01:15:30]} {[%emt 00:00:05]} Rc6 {[%clk 01:29:21]} {[%emt
00:00:31]} 30. Kb1 {[%clk 01:14:34]} {[%emt 00:01:26]} Rd8 {[%clk 01:29:06]}
{[%emt 00:00:45]} 31. Bf4 {[%clk 01:11:48]} {[%emt 00:03:16]} d3 {[%clk
01:29:13]} {[%emt 00:00:24]} 32. f3 {[%clk 01:09:44]} {[%emt 00:10:41]} Rd5
{[%clk 01:29:19]} 33. Qb4 {[%clk 01:07:35]} Na6 {[%clk 01:29:17]} 34. Qf8+
{[%clk 01:05:07]} {[%emt 00:00:22]} Rd8 {[%clk 01:29:39]} 35. Qe7 {[%clk
01:05:22]} {[%emt 00:00:02]} Rd7 {[%clk 01:28:52]} {[%emt 00:00:10]} 36. Qf8+
{[%clk 01:05:41]} Rd8 {[%clk 01:29:12]} 37. Qf6 {[%clk 01:05:18]} {[%emt
00:00:42]} Nc5 {[%clk 01:29:30]} 38. Bg5 {[%clk 01:05:04]} {[%emt 00:00:56]}
Rcd6 {[%clk 01:29:34]} 39. Be3 {[%clk 01:05:04]} e5 {[%clk 01:29:34]} 40. Qf5+
{[%clk 01:05:04]} R8d7 {[%emt 00:02:42]} 41. Bxc5 {[%clk 01:05:12]} bxc5 {[%clk
01:29:51]} {[%emt 00:00:19]} 42. Rxe5 {[%clk 01:05:16]} {[%emt 00:00:26]} d2
{[%clk 01:30:10]} {[%emt 00:00:10]} 43. Re8# {[%clk 01:05:25]} {[%emt
00:00:15]} 1-0